| 000 | 00493nam a22001937a 4500 | ||
|---|---|---|---|
| 003 | MPLRDC | ||
| 005 | 20220104125640.0 | ||
| 008 | 210129b ||||| |||| 00| 0 eng d | ||
| 020 | _a978-986-6271-28-1 | ||
| 082 | _a177.2 DCLF | ||
| 100 | _a大川隆法 | ||
| 245 |
_a幸福的52个智慧 _c |
||
| 250 | _a初版 | ||
| 260 |
_a台湾 _b桂赫文化行销有限公司 _c2010 |
||
| 300 | _b204 | ||
| 490 | _a心灵馆 WHAT''S BEING: 013 | ||
| 650 | _a成功法 | ||
| 942 |
_cBK _o177.2 DCLF |
||
| 999 |
_c29036 _d29026 |
||